|
|
|
|
| LEADER |
00000naa a2200000uu 4500 |
| 001 |
vtls010940763 |
| 003 |
SK-MaSNL |
| 005 |
20260302144456.0 |
| 008 |
210909|2000 xo |||||||||||||||||eng| |
| 015 |
|
|
|a SNBRA
|
| 035 |
|
|
|a (urnnbn)urn:nbn:sk:snk:ar-a0bbjs
|
| 035 |
|
|
|a (uuid)7da7bfd8-d3f1-4ca7-b706-0c642e283b22
|
| 035 |
|
|
|a urn:nbn:sk:snk-aau3tr
|
| 040 |
|
|
|a SNKBUCL
|b slo
|c SNKBUCL
|e AACR2
|
| 041 |
0 |
|
|a eng
|
| 044 |
|
|
|a xo
|c SK
|
| 100 |
1 |
|
|a Hudson, John
|4 aut
|9 306837
|
| 245 |
1 |
0 |
|a TAX POLICY HARMONIZATION AND TAX EVASION ISSUES IN THE EUROPEAN INTEGRATION PROCESS: IMPLICATIONS FOR THE SLOVAK REPUBLIC
|c John Hudson, Marta Orviská
|
| 700 |
1 |
|
|a Orviská, Marta,
|d 1963-2023
|4 aut
|9 197894
|
| 773 |
0 |
|
|t Transformácia slovenskej ekonomiky a otázky jej zapojenia do Európskej únie
|d Bratislava : Ekonóm, 2000
|g S. 263-274
|z 8022512613
|
| 958 |
|
|
|a OND
|
| 958 |
|
|
|a article11
|
| 958 |
|
|
|a chapter
|
| 999 |
|
|
|c 1349430
|d 1351360
|